| 000 | 02053nam a2200337 i 4500 | ||
|---|---|---|---|
| 003 | EG-ScBUE | ||
| 005 | 20240225115237.0 | ||
| 008 | 170615s2006 ua a f b 000 0 ara d | ||
| 017 | _a2005 / 13437 | ||
| 020 | _a9772085496 | ||
| 040 |
_aEG-ScBUE _bara _erda _cEG-ScBUE _dEG-ScBUE |
||
| 043 | _af-ua--- | ||
| 082 | 0 | 4 |
_bت ا ر _a962 _222 |
| 245 | 0 | 0 |
_aتاريخ مصر : _bمن بدايات القرن الأول الميلادي حتى نهاية القرن العشرين : من خلال مخطوطة تاريخ البطاركة لساويرس بن المقفع / _cإعداد وتحقيق عبد العزيز جمال الدين. |
| 250 | _aالطبعة الأولى. | ||
| 264 | 1 |
_aالقاهرة : _bمكتبة مدبولي، _c2006. |
|
| 300 |
_a4 مجلد في 6 أجزاء. : _bإيضاحيات ؛ _c24 سم |
||
| 336 |
_2rdacontent _aنص _btxt |
||
| 337 |
_aبدون وسيط _2rdamedia _bn |
||
| 338 |
_aمجلد _bnc _2rdacarrier |
||
| 504 | _aيشتمل على إرجاعات ببليوجرافية. | ||
| 505 | 0 | _aالمجلد الأول. من مارمرقس حتى البطرك 38 بنيامين الأول 622 / 661 م. -- المجلد الثاني. من البطرك 39 أغاتون 661 / 677 م حتى البطرك 52 يوساب 830 / 849 م. -- المجلد الثالث. الجزء الأول والثاني. من خايال الثاني [849 / 851 م.] إلى يوحنا [1189 / 1216 م.] -- المجلد الرابع. الجزء الأول والثاني من سنة 1216 م. حتى نهاية القرن العشرين. | |
| 650 | 7 |
_aالبطاركة _zمصر _xتاريخ. _2BUEsh |
|
| 651 | 7 |
_aمصر _xتاريخ _yالعصر القبطي، 342-642. _2BUEsh |
|
| 653 |
_bENGGEN _cJuly2017 |
||
| 655 | _vReading book | ||
| 700 | 1 |
_aجمال الدين، عبد العزيز، _eمعد. |
|
| 700 | 0 | 2 |
_aساويرس بن المقفع، _cأسقف الأسمونين، _dن. 955-987 _tتاريخ بطاركة الكنيسة المصرية. |
| 740 | 0 | 2 | _aتاريخ بطاركة الكنيسة المصرية. |
| 942 | _2ddc | ||
| 999 |
_c24960 _d24932 |
||